Normal view
MARC view
- RELIGIOSO [SPARTITI MUSICALI]
Entry Topical Term
001 - CONTROL NUMBER
- control field: 23974
003 - CONTROL NUMBER IDENTIFIER
- control field: IT-RoPau
005 - DATE AND TIME OF LATEST TRANSACTION
- control field: 20140505170031.0
008 - FIXED-LENGTH DATA ELEMENTS
- fixed length control field: 140505|| aca||aabn | a|a d
040 ## - CATALOGING SOURCE
- Original cataloging agency: IT-RoPau
- Transcribing agency: IT-RoPau
150 ## - HEADING--TOPICAL TERM
- Topical term or geographic name entry element: RELIGIOSO [SPARTITI MUSICALI]
- : Codice MATERIA SPICS: 9953
670 ## - SOURCE DATA FOUND
- Source citation: Work cat.: (IT-RoPau)101351: Cento Giosy 1580, Madre buona-I giovani cantano Maria